Most Populated U.S. Cities by Year - 1790 - Statistics

General Stats
  • This quiz has been taken 565 times
  • The average score is 8 of 20
Answer Stats
Population State Answer % Correct
33,100 New York New York City
100%
18,300 Massachusetts Boston
98%
28,500 Pennsylvania Philadelphia
98%
13,500 Maryland Baltimore
89%
6,400 Rhode Island Providence
84%
16,400 South Carolina Charleston
80%
4,500 Connecticut New Haven
66%
7,900 Massachusetts Salem
46%
6,700 Rhode Island Newport
34%
4,700 New Hampshire Portsmouth
21%
9,900 Pennsylvania Northern Liberties
17%
5,300 Massachusetts Gloucester
11%
11,900 Connecticut Norwalk
11%
5,700 Massachusetts Marblehead
10%
5,700 Pennsylvania Southwark
10%
4,800 Massachusetts Newburyport
6%
3,800 Massachusetts Taunton
3%
4,500 Massachusetts Middleborough
2%
4,600 Massachusetts Sherburne
2%
4,100 Rhode Island South Kingstown
2%
No matching quizzes found
Score Distribution
Percent of People with Each Score
Percentile by Number Answered
Your Score History
You have not taken this quiz